Statistics for Word Chain - United Kingdom

Click here to take the quiz!

General Stats

  • This quiz has been taken 26,382 times
  • The average score is 18 of 23

Answer Stats

HintAnswer% Correct
Hometown of the BeatlesLiverpool
95%
First female Prime MinisterThatcher
92%
Most famous ship built in BelfastTitanic
90%
The White Cliffs of ______Dover
88%
Name of six kingsGeorge
88%
Stiff upper ___Lip
88%
Sport named after a town in EnglandRugby
88%
Scottish food made with sheep organsHaggis
86%
Name of eight kingsEdward
83%
City known as "Cottonopolis" during
the Industrial Revolution
Manchester
83%
Word that follows black, Yorkshire, and
sticky toffee
Pudding
83%
City near Sherwood ForestNottingham
81%
Once the most important city
in northern England
York
81%
Famous boys' boarding schoolEton
77%
Pippa's sisterKate
77%
Hero of TrafalgarNelson
77%
Shakespeare wrote 154 of this
type of poem
Sonnet
76%
Earl who invented a way to eat
bread and meat
Sandwich
74%
Trent, Wye, or Clyde, for exampleRiver
70%
First name of Scottish poet BurnsRobert
66%
Germanic tribe that invaded
Britain in the Dark Ages
Saxons
60%
Nickname of the tunnel connecting
England and France
Chunnel
59%
Rivals of Celtic F.C.Rangers
54%

Score Distribution

Percentile by Number Answered

Percent of People with Each Score

Your Score History

You have not taken this quiz